[Event "WchT Seniors 65"]
[Site "Krakow"]
[Date "2024.07.10"]
[Round "8.4"]
[White "Andresen, Hans Jorn"]
[Black "Malienko, Alexander"]
[Result "1/2-1/2"]
[WhiteElo "1953"]
[BlackElo "1904"]
[PlyCount "72"]
[EventDate "2024.07.02"]
[EventType "team-swiss"]
[EventRounds "9"]
[EventCountry "POL"]
[SourceTitle "CBM 221 Extra"]
[Source "ChessBase"]
[SourceDate "2024.09.30"]
[SourceVersion "1"]
[SourceVersionDate "2024.09.30"]
[SourceQuality "1"]
[WhiteTeam "Denmark SK 2024 65"]
[BlackTeam "Ukraine Kiev 65"]
[WhiteTeamCountry "DEN"]
[BlackTeamCountry "UKR"]

1. e4 e5 2. Nf3 Nc6 3. Bb5 f5 4. d3 fxe4 5. dxe4 Nf6 6. Nc3 Bc5 7. Bg5 d6 8. Bc4 Bg4 9. Qd3 Qd7 10. h3 Bh5 11. a3 Bf7 12. Nd5 Nxd5 13. Bxd5 0-0 14. Be3 Bxe3 15. Qxe3 Bxd5 16. exd5 Ne7 17. c4 Rf4 18. Rc1 Ng6 19. g3 Rf5 20. Ng5 b6 21. 0-0 Re8 22. Ne6 Nf8 23. Nxf8 Rexf8 24. Kg2 Rf3 25. Qe2 Qf5 26. Rc3 Rxc3 27. bxc3 h6 28. f4 Re8 29. g4 Qf6 30. Qe4 Re7 31. f5 Rf7 32. Rf3 Qg5 33. Qe3 Qd8 34. Kg3 Qf6 35. h4 Qe7 36. Qe4 Rf8 1/2-1/2